000 01508nam2a22002651 4500
001 RU\NLR\INFOCOMM16\1000075355
005 20250617063801.0
035 _a(NLR Aleph) 002526711
090 _a2812256
_c2812256
100 _a20040422d1974 |||y0rusy50 ca
101 0 _arus
102 _aRU
105 _ay |||||||||
200 1 _aОтделка щитовых деталей мебели бумажно-смоляными и бумажно-лаковыми покрытиями
_fП.К. Стуков, А.Н. Отливанчик
210 _d1974
_aБ. м.
461 0 _1001RU\NLR\INFOCOMM16\1000075342
_12001#$aМестная промышленность$eОбзор. информ.$hСерия 4$iДеревообработка, производство мебели и школьно-письменных принадлежностей$fМ-во мест. пром-сти РСФСР. ЦБНТИ$v1974, Вып.2
_92812144
_cМ.
_d1970-1990
_fМ-во мест. пром-сти РСФСР. ЦБНТИ
_hСерия 4
_iДеревообработка, производство мебели и школьно-письменных принадлежностей
_oОбзор. информ.
_tМестная промышленность
_x0135-6542
_v1974, Вып.2
700 1 _aСтуков
_bП.К.
_4070
701 1 _aОтливанчик
_bА.Н.
_4070
801 1 _aRU
_bInfoComm
_c20040422
801 0 _aRU
_bNLR
_gPSBO
852 _aNLR
_jП10/3852
942 _cISSUE
980 _aNB
980 _aRUSPER